00869 a2200181 4500003000500000005001700005040000900022082001200031100002700043245004000070260003000110300001200140505035800152650001600510942002100526999001900547952012100566NUST20230125152453.0 cNust a823,SEN aSender, Ramon J924102 aSeven Red Sundays /cRamon J Sender aLondonbFaber & Faber ltd a438:p.; aTranslator Introductory Notes (Page-9),First Sunday: A Spark Light The Tinder (Page-29), Second Sunday: The Insurrection Proceeds(Page-97),Third Sunday: Repercussions (Page-175),Fourth Sunday: Hopes And Failure(Page-257),Fifth Sunday: Collapse (Page-335),Sixth Sunday: After Match Of Dejection (Page-395), Seventh Sunday: Only In The Future (Page-419). aNovel92525 2ddccBKk823,SEN c186753d186753 00102ddc4070aMCSbMCScGENd2016-12-12o823,SENpMCS29862r2016-12-08w2016-12-12yBKzAlmirah No.57, Shelf No.6